00374 a2200121 4500082001500000100003100015245006000046260003800106300002700144650005000171700001500221700001600236 a861bT649b aGold, Janet y Toledo, Aida aThe Kindness of CyberneticsbBondades de la Cibernetica aGuatemalabEdiciones Papiroc1998 a90 pbill (col)c20 cm aPoesiaxliteraturazGuatemalazEstados Unidos aJanet Gold aAida Toledo